Plus grandes villes de chaque département (en tout, sans la préfecture et sans les sous-préfectures) - Statistiques

Statistiques générales
  • Ce quiz a été pris 668 fois
    596 depuis la dernière actualisation
  • Le résultat moyen est 115 sur 235
Statistiques - réponses
Réponse % Correct
Nice (343)
89%
Bourg-en-Bresse (41)
86%
Marseille (862)
86%
Paris (2 206)
86%
Brest (139)
84%
Ajaccio (68)
83%
Bordeaux (250)
83%
Dijon (155)
83%
La Roche-sur-Yon (54)
83%
Lyon (513)
82%
Bastia (44)
81%
Caen (106)
81%
Lille (233)
81%
Montpellier (278)
81%
Nantes (303)
81%
Rennes (215)
81%
Strasbourg (277)
81%
Toulouse (472)
81%
Aix-en-Provence (143)
80%
Aix-les-Bains (30)
80%
Grenoble (161)
80%
La Rochelle (75)
80%
Saint-Denis (111)
80%
Saint-Denis (147)
80%
Tours (136)
80%
Gap (41)
79%
Nîmes (151)
79%
Troyes (61)
79%
Besançon (117)
78%
Orléans (115)
78%
Toulon (167)
78%
Angers (152)
77%
Angoulême (42)
77%
Clermont-Ferrand (141)
77%
Nancy (105)
77%
Saint-Etienne (171)
77%
Amiens (133)
76%
Annecy (126)
76%
Belfort (50)
76%
Calais (76)
76%
Le Havre (172)
76%
Le Mans (143)
76%
Metz (117)
76%
Perpignan (122)
76%
Poitiers (88)
76%
Reims (184)
76%
Valence (62)
76%
Limoges (134)
75%
Lorient (58)
75%
Avignon (92)
74%
Charleville-Mézières (48)
74%
Mulhouse (110)
74%
Pau (77)
74%
Versailles (86)
74%
Auxerre (35)
72%
Chambéry (60)
72%
Périgueux (30)
72%
Rodez (24)
72%
Agen (34)
71%
Aurillac (26)
71%
Bourges (66)
71%
Châteauroux (44)
71%
Évreux (49)
71%
Niort (59)
71%
Saint-Brieuc (45)
71%
Beauvais (55)
70%
Blois (46)
70%
Chalon-sur-Saône (45)
70%
Cherbourg-en-Cotentin (81)
70%
Évry-Courcouronnes (68)
70%
Fort-de-France (83)
70%
Laval (50)
70%
Montauban (60)
70%
Mont-de-Marsan (31)
70%
Saint-Quentin (56)
70%
Albi (49)
69%
Chartres (39)
69%
Narbonne (53)
69%
Nevers (34)
69%
Tarbes (41)
69%
Épinal (32)
68%
Saint-Nazaire (70)
68%
Villeurbanne (149)
68%
Boulogne-Billancourt (118)
67%
Cayenne (58)
67%
Guéret (13)
67%
Alençon (26)
66%
Auch (22)
66%
Bayonne (49)
66%
Brive-la-Gaillarde (47)
66%
Le Puy-en-Velay (19)
66%
Mende (12)
66%
Saint-Malo (46)
66%
Béziers (76)
65%
Dax (21)
65%
Mamoudzou (71)
64%
Tourcoing (97)
64%
Cahors (19)
63%
Montluçon (37)
62%
Sedan (18)
61%
Antibes (75)
60%
Vesoul (17)
60%
Dole (23)
59%
Alès (40)
58%
Bergerac (28)
58%
Porto-Vecchio (12)
58%
Millau (22)
57%
Saint-Paul (106)
57%
Verdun (18)
57%
Briançon (12)
56%
Cholet (54)
55%
Montbéliard (26)
55%
Montélimar (38)
55%
Saintes (25)
55%
Argenteuil (110)
54%
Castres (41)
53%
Mérignac (70)
53%
Beaune (22)
52%
Orange (29)
52%
Vierzon (27)
52%
Pamiers (15)
51%
Cognac (19)
50%
Dreux (31)
49%
Oyonnax (22)
49%
Sète (44)
49%
Lannion (20)
47%
Lourdes (15)
47%
Mayenne (13)
47%
Montreuil (107)
47%
Saint-Dié-des-Vosges (20)
47%
Thionville (41)
47%
Saint-Dizier (25)
46%
Saint-Laurent-du-Maroni (44)
46%
Sens (25)
46%
Villeneuve-sur-Lot (23)
46%
Abbeville (23)
44%
Compiègne (40)
44%
Haguenau (35)
44%
La Seyne-sur-Mer (65)
44%
Manosque (22)
44%
Saint-Flour (7)
44%
Vitry-sur-Seine (93)
42%
Annemasse (35)
40%
Creil (36)
40%
Les Abymes (55)
40%
Martigues (49)
40%
Annonay (16)
39%
Châtellerault (32)
39%
Concarneau (20)
39%
Joué-lès-Tours (38)
39%
Le Tampon (76)
39%
Figeac (10)
38%
La Flèche (15)
38%
Royan (18)
38%
Anglet (39)
37%
Saint-Herblain (46)
35%
La Souterraine (5)
34%
Issoudun (12)
33%
Corbeil-Essonnes (51)
32%
Romorantin-Lanthenay (18)
32%
Bressuire (19)
31%
Colomiers (39)
31%
Nogent (4)
31%
Saint-Chamond (35)
31%
Chelles (54)
30%
Le Creusot (22)
30%
Saint-Martin-d'Hères (38)
30%
Vandœuvre-lès-Nancy (30)
30%
Cosne-Cours-sur-Loire (11)
29%
Castelsarrasin (14)
28%
Asnières-sur-Seine (87)
27%
Granville (13)
27%
Saint-Louis (20)
27%
Schiltigheim (32)
27%
Hérouville-Saint-Clair (22)
26%
Vernon (24)
25%
Vitré (18)
25%
Sotteville-lès-Rouen (29)
24%
Cournon-d'Auvergne (20)
23%
Flers (15)
23%
Lanester (22)
23%
Sablé-sur-Sarthe (12)
23%
Sartrouville (53)
23%
Albert (10)
22%
Montigny-lès-Metz (21)
22%
Olivet (22)
22%
Moissac (12)
21%
Borgo (8)
20%
Delle (6)
20%
Romilly-sur-Seine (14)
20%
Canet-en-Roussillon (12)
19%
Challans (20)
19%
Embrun (6)
19%
Saint-Junien (11)
19%
Héricourt (10)
18%
Le Lamentin (40)
18%
L'Isle-Jourdain (8)
18%
Marvejols (5)
18%
Thouars (9)
18%
Audincourt (14)
17%
Gaillac (15)
17%
Chenôve (14)
16%
Liévin (31)
16%
Soyaux (9)
15%
Garges-lès-Gonesse (43)
14%
Givet (7)
14%
Monistrol-sur-Loire (9)
14%
Joigny (10)
13%
Buxerolles (10)
12%
Koungou (32)
12%
Bagnols-sur-Cèze (18)
11%
Champagnole (8)
11%
Onet-le-Château (12)
11%
Tergnier (14)
11%
Varennes-Vauzelles (9)
11%
Capavenir Vosges (9)
10%
Lézignan-Corbières (11)
10%
Biscarrosse (14)
9%
Lavelanet (6)
9%
Matoury (32)
9%
Arpajon-sur-Cère (6)
8%
Boulazac Isle Manoire (10)
8%
Cusset (13)
8%
Malemort (8)
8%
Plérin (14)
8%
Lucé (16)
7%
Saint-Mihiel (4)
7%
Déols (8)
6%
Gramat (4)
6%
Saint-Doulchard (9)
6%
Tinqueux (10)
6%
Vineuil (8)
6%
Saint-Berthevin (7)
5%
Sèvremoine (26)
5%
Le Passage (10)
4%
Aucun quiz correspondant
Distribution des résultats
% des personnes avec chaque résultat
Percentile par nombre de réponses
Votre historique - résultats
Vous n’avez pas pris ce quiz depuis la dernière actualisation